Dlhopisy - najpoužívanejšie cenné papiere

Dlhopisy - najpoužívanejšie cenné papiere sú voľne obchodovateľné vlastnou obchodnou sieťou emitenta alebo na burze cenných papierov. Členenie dlhopisov podľa emitenta. Dlhopisy v cudzej mene. Bonita - úverové hodnotenie emitenta. Vplyv úrokových sadzieb na dlhopisy. Durácia. Formy kupónov dlhopisov...

Ausführliche Beschreibung

Gespeichert in:
Bibliographische Detailangaben
1. Verfasser: Izakovič, Ondrej
Format: Buchkapitel
Sprache:Slowakisch
Schlagworte:
Tags: Tag hinzufügen
Keine Tags, Fügen Sie das erste Tag hinzu!

MARC

LEADER 00000naa$a2200000$$$4500
001 0073831
005 20230908095140.3
041 0 |a slo 
044 |a SK 
245 1 0 |a Dlhopisy - najpoužívanejšie cenné papiere  |c Ondrej Izakovič 
520 |a Dlhopisy - najpoužívanejšie cenné papiere sú voľne obchodovateľné vlastnou obchodnou sieťou emitenta alebo na burze cenných papierov. Členenie dlhopisov podľa emitenta. Dlhopisy v cudzej mene. Bonita - úverové hodnotenie emitenta. Vplyv úrokových sadzieb na dlhopisy. Durácia. Formy kupónov dlhopisov. Investičné stratégie pri obchodovaní s dlhopismi. Príklad. 
610 2 0 |a dlhopisy 
610 2 0 |a dlhopisy štátne 
610 2 0 |a dlhopisy komunálne 
610 2 0 |a dlhopisy podnikové 
610 2 0 |a dlhopisy bankové 
610 2 0 |a dlhopisy hypotekárne 
610 2 0 |a poukážky pokladničné 
610 2 0 |a bondy 
610 2 0 |a bonita 
610 2 0 |a sadzby úrokové 
610 2 0 |a durácia 
610 2 0 |a kupóny 
610 2 0 |a stratégia investičná 
100 1 |a Izakovič, Ondrej